[Event "Magnus Carlsen Invitational 2021"]
[Site "Online"]
[Date "2021.03.10"]
[Round "1.1"]
[White "Radjabov, Teimour"]
[Black "Giri, Anish"]
[Result "1/2-1/2"]
[WhiteElo "2758"]
[BlackElo "2731"]
[Annotator "TA"]
[PlyCount "69"]
[EventDate "2021.03.13"]
[EventType "tourn"]
[EventCountry "NET"]
[SourceTitle "playchess.com"]
[Source "ChessBase"]
[SourceQuality "1"]

{[%evp 16,69,18,18,22,7,7,3,6,4,4,4,8,6,7,10,6,6,2,0,0,0,0,0,0,0,0,0,0,0,5,5,7,0,0,0,0,0,0,0,0,0,0,0,0,0,0,0,0,0,0,0,0,0,0,0]} 1. d4 Nf6 2. c4 e6 3. Nf3 d5 4. Nc3 Bb4 5. Bg5 h6 6. Bxf6 Qxf6 7. e3 O-O 8. Rc1 dxc4 9. Bxc4 {The position is equal.} c5 {D38: Queen's Gambit Declined: Ragozin Defence (4 Nf3 Bb4).} 10. a3 (10. O-O cxd4 11. Nxd4 Bd7 12. Qb3 Nc6 13. Nxc6 Bxc3 14. Qxc3 Bxc6 15. Qxf6 gxf6 16. Rfd1 Rfd8 17. f3 f5 18. Kf2 Kg7 19. Ke1 {½-½ (40) Radjabov,T (2765)-Giri,A (2764) chess24.com INT 2021}) 10... Bxc3+ 11. Rxc3 Rd8 {[#]} 12. Rd3 $146 ({Predecessor:} 12. Qc2 cxd4 13. Nxd4 Bd7 14. O-O Nc6 15. Nf3 Ne5 16. Be2 Rac8 17. Nd4 Rxc3 18. Qxc3 Nc6 19. Nb5 Qxc3 20. Nxc3 Kf8 21. Rd1 {½-½ (21) Ikonnikov,V (2542)-Papp,G (2583) Germany 2017}) 12... cxd4 13. Rxd4 Nc6 14. Rxd8+ Qxd8 15. Qxd8+ Nxd8 16. Ke2 Bd7 17. Rd1 Be8 18. Bd3 Rc8 19. Kd2 (19. h4 {seems wilder.} Kf8 20. g4 f6 21. Nd4 Ba4 22. b3) 19... Kf8 20. Rc1 Rxc1 21. Kxc1 $11 {[%mdl 4096] Endgame KBN-KBN} Ke7 22. Kd2 Kd6 23. Nd4 Nc6 24. Nxc6 Bxc6 {KB-KB} 25. g3 a5 26. b4 axb4 27. axb4 b6 28. Kc3 e5 29. f4 f6 30. Kd2 g5 31. Kc3 Bd5 32. Kd2 Bc6 33. Kc3 Bd5 34. Kd2 Bc6 35. Kc3 {A rather calm draw.  Weighted Error Value: White=0.01/Black=0.00} 1/2-1/2

[Event "Magnus Carlsen Invitational 2021"]
[Site "Online"]
[Date "2021.03.10"]
[Round "1.2"]
[White "Pichot, Alan"]
[Black "Karjakin, Sergey"]
[Result "1/2-1/2"]
[WhiteElo "2548"]
[BlackElo "2709"]
[Annotator "TA"]
[PlyCount "80"]
[EventDate "2021.03.13"]
[EventType "tourn"]
[EventCountry "NET"]
[SourceTitle "playchess.com"]
[Source "ChessBase"]
[SourceQuality "1"]

{[%evp 17,80,0,0,0,0,-10,0,0,0,0,0,0,0,0,0,0,0,0,0,0,0,0,10,4,6,0,37,49,51,19,35,0,0,0,2,0,0,0,0,0,0,0,0,0,0,0,0,0,0,0,0,0,0,0,0,0,0,-5,0,0,0,-4,0,0,0]} 1. e4 e5 2. Nf3 Nc6 3. Bc4 Bc5 4. c3 Nf6 5. d4 exd4 6. e5 d5 7. Bb5 Ne4 8. cxd4 Bb6 9. Nc3 O-O 10. Be3 {C54: Giuoco Piano: 4 c3 Nf6, main lines with 5 d4 and 5 d3.} Bg4 11. h3 Bh5 12. Qc2 Nxc3 13. bxc3 f6 14. exf6 Qxf6 15. Be2 Na5 16. O-O Bxf3 17. Bxf3 c6 18. Rae1 Nc4 19. Bc1 Bc7 {[#] aiming for ...Qd6.} 20. Be2 $146 ({Predecessor:} 20. Bg4 Rae8 21. g3 Bd6 22. h4 Qf7 23. h5 Ba3 24. Bg5 h6 25. Bf4 Bd6 26. Rxe8 Rxe8 {½-½ (39) Dominguez Perez,L (2763)-Grischuk,A (2759) Khanty-Mansiysk 2019}) 20... Qd6 {[%csl Gc7][%cal Rd6h2]} 21. f4 b5 22. Bd3 g6 23. g3 Rae8 24. Kg2 Qd7 {The position is equal.} 25. Qd1 Nd6 26. Ba3 (26. a4 {seems wilder.} bxa4 27. Qxa4 a5 28. Qc2 Kg7 29. Qd2) 26... Rxe1 27. Rxe1 Re8 28. Bxd6 Rxe1 29. Qxe1 Bxd6 30. Qe2 Qe7 31. Qxe7 Bxe7 $11 {[%mdl 4096] Endgame KB-KB} 32. Kf3 Kf7 33. Ke3 a5 34. Be2 Ke6 35. Kd3 Kd6 36. Bf3 Bf6 37. Bg2 Bg7 38. Bf3 Bf6 39. Bg2 Bg7 40. Bf3 Bf6 {Weighted Error Value: White=0.03/Black=0.03} 1/2-1/2

[Event "Magnus Carlsen Invitational 2021"]
[Site "Online"]
[Date "2021.03.10"]
[Round "1.3"]
[White "So, Wesley"]
[Black "Nepomniachtchi, Ian"]
[Result "0-1"]
[WhiteElo "2741"]
[BlackElo "2778"]
[Annotator "TA"]
[PlyCount "116"]
[EventDate "2021.03.13"]
[EventType "tourn"]
[EventCountry "NET"]
[SourceTitle "playchess.com"]
[Source "ChessBase"]
[SourceQuality "1"]

{[%evp 11,116,38,35,19,64,53,60,49,75,48,61,58,62,47,72,58,80,49,61,42,58,47,57,44,58,54,48,48,68,-30,39,37,51,62,35,37,52,52,50,0,0,0,12,9,8,0,0,0,0,0,0,0,0,3,10,8,16,13,101,101,101,0,0,0,0,0,0,0,0,-31,-31,-31,-31,-31,-30,-31,-31,-50,-31,-50,-36,-50,0,-50,-20,-20,-20,-20,-8,-8,-8,-8,-8,-8,-8,-8,-8,-8,-8,-17,-8,-29966,-8,-8,-8,-29987,-29988]} 1. e4 g6 2. d4 Bg7 3. Nc3 d6 4. Be3 a6 5. Qd2 b5 6. O-O-O Nd7 7. h4 {B06: Modern Defence.} h6 8. f3 Nb6 9. Bd3 {White is slightly better.} Bb7 10. Nh3 e6 11. g4 Ne7 {[#]} 12. Kb1 $146 ({Predecessor:} 12. h5 g5 13. Ne2 d5 14. Nxg5 hxg5 15. Bxg5 Rf8 16. e5 c5 17. h6 Bh8 18. Ng3 {0-1 (53) Rempel,E (2153)-Auer,M (2140) Germany 2014}) 12... Nc6 13. Ne2 Qe7 14. Nf2 O-O-O 15. b3 Kb8 16. f4 f5 17. h5 $1 fxe4 18. Bxe4 gxh5 19. Rxh5 Rhf8 20. Nd3 {[#]} ({Better is} 20. Ng3 $14) 20... Qe8 (20... Nxd4 $1 $11 21. Bxd4 (21. Bxb7 Nxe2 22. Qxe2 Qf6 $17) 21... Bxe4) 21. Re1 $14 Ne7 22. Bxb7 Kxb7 23. Nc3 Ned5 24. Nxd5 Nxd5 25. f5 exf5 $1 26. Bxh6 Bxh6 27. Rxh6 Qf7 28. Qg2 {aiming for Ree6.} fxg4 {Strongly threatening ...Qf3.} 29. Nb4 c6 30. Nxd5 Qxd5 31. Qxg4 Rf7 32. Qh4 Rfd7 33. Re7 Kc7 34. Rhh7 c5 (34... Qf5 $11 {keeps the balance.}) 35. Qe1 $1 $16 {[%cal Re1a5] Black must now prevent Qa5+.} b4 {[#]} 36. a3 (36. a4 $1 $16) 36... Qxd4 $11 37. axb4 Qxb4 38. Qe6 {[%cal Re7d7]} Qb5 39. Kb2 Qc6 40. c4 Rxe7 41. Rxe7+ $15 {[%mdl 4096] Endgame KQR-KQR} Rd7 42. Re8 Kb7 43. Qg8 Ka7 44. Qh8 Qb7 45. Re2 Rf7 {Hoping for ...Rf3.} 46. Qd8 Rd7 47. Qh8 a5 48. Qe8 a4 49. Re3 d5 {Threatens to win with ...dxc4.} 50. Qf8 Qb4 {( -> ...Qd2+)} 51. Re7 $1 {[%cal Re7d7]} Qxb3+ 52. Ka1 Qc3+ 53. Kb1 Qd3+ 54. Ka1 Qd1+ 55. Kb2 a3+ {[%mdl 64] Decoy} 56. Kxa3 $2 {[%mdl 8192] [#]} (56. Ka2 $11 Qd2+ 57. Kxa3 Qc3+ 58. Ka2 Qc2+ 59. Ka1 Qc1+ 60. Ka2 Qxc4+ 61. Kb2 Rb7+ 62. Rxb7+ Kxb7 63. Qe7+ Kc8 64. Qe8+ Kc7 65. Qe5+ Kb7 66. Qe7+ Kc6 67. Qe6+ Kc7 68. Qe7+ Kc6 69. Qe6+ Kb7 70. Qd7+ Kb6 71. Qd6+ Kb5 72. Qd7+ Kb6 73. Qd6+ Kb5 74. Qd7+ Kb6) 56... Qc1+ $2 (56... Qa1+ $1 {mates} 57. Kb3 dxc4+ 58. Kc2 Qd1+ 59. Kb2 c3+ {[%mdl 64] Decoy} 60. Kxc3 Qd2+ 61. Kb3 c4+ 62. Ka4 Qa2+ 63. Kb5 Qb3+ 64. Kc6 Qb7+ 65. Kc5 Rxe7 66. Qxe7 Qxe7+ 67. Kd4 Qe2 68. Kc5 c3 69. Kd5 c2 70. Kc6 c1=Q+ 71. Kd6 Kb6 72. Kd7 Qc7#) 57. Ka2 $1 $11 Qxc4+ 58. Ka1 $2 {[%mdl 8192]} (58. Kb2 $11 Rxe7 59. Qxe7+ Kb6 60. Qd6+ Kb5 61. Qd7+ Kb6 62. Qd6+ Kb7 63. Qd7+ Kb6 64. Qd6+) 58... Qa6+ {Weighted Error Value: White=0.35/Black=0.30} 0-1

[Event "Magnus Carlsen Invitational 2021"]
[Site "Online"]
[Date "2021.03.10"]
[Round "1.4"]
[White "Aronian, Levon"]
[Black "Mamedyarov, Shakhriyar"]
[Result "0-1"]
[WhiteElo "2778"]
[BlackElo "2761"]
[Annotator "TA"]
[PlyCount "54"]
[EventDate "2021.03.13"]
[EventType "tourn"]
[EventCountry "NET"]
[SourceTitle "playchess.com"]
[Source "ChessBase"]
[SourceQuality "1"]

{[%evp 10,54,25,9,11,14,33,21,26,28,20,18,48,27,96,83,118,100,99,30,41,40,125,139,160,113,144,121,130,0,15,-29,-41,-36,0,12,0,-118,-109,-1870,-1841,-1467,-731,-716,-696,-29998,-29999]} 1. e4 e5 2. Nf3 d6 3. d4 exd4 4. Qxd4 Nf6 5. Nc3 Be7 6. Bg5 h6 {C41: Philidor Defence.} 7. Bh4 O-O 8. h3 Nc6 {The position is equal.} 9. Qe3 {[#]} Re8 $146 ({Predecessor:} 9... Be6 10. O-O-O Nd7 11. Bxe7 Qxe7 12. g4 a6 13. g5 h5 14. Nh4 g6 15. f4 b5 {1-0 (31) Kouvidis,I (1730)-Stefanov,E (1959) Hersonissos 2018}) 10. O-O-O {[%cal Ba1d1,Bd1d5,Bd5f5][%mdl 32]} Be6 11. g4 a6 (11... d5 $11) 12. Rg1 $16 b5 13. g5 Nh7 14. Nd5 (14. Kb1 $16) 14... Bxd5 15. Rxd5 Nb4 (15... Rb8 $14) 16. gxh6 Bxh4 (16... Nxd5 $2 17. Rxg7+ Kh8 18. Qd4) 17. Rxg7+ Kh8 18. Rf5 Bf6 {[#]} 19. Rxf7 ({Only move:} 19. Qb3 $1 $16 Qe7 {[#]} 20. Rxh7+ $1 (20. Qxb4 Bxg7 21. hxg7+ Kg8 $14) (20. Rxf7 Qe6 $11) 20... Kxh7 21. Qxb4) 19... Rf8 20. Rxf8+ Qxf8 21. e5 dxe5 22. Nxe5 {Ng6+ is the strong threat.} Qg8 23. Qf3 (23. Qe4 $11 {keeps the balance.} Re8 24. f4) 23... Re8 $40 {[%mdl 128] Black goes for the king.} ({Much worse is} 23... Nxa2+ $6 24. Kb1 $11) 24. Ng4 {[%mdl 8192]} (24. Rxf6 $17 Rxe5 25. Rf7) 24... Qxa2 $19 25. Kd2 Qa1 26. Ne3 Bxb2 {( -> ...Bc3+)} 27. Bd3 Bc3+ {Never resign too early!  Weighted Error Value: White=0.75/Black=0.40} 0-1

[Event "Magnus Carlsen Invitational 2021"]
[Site "Online"]
[Date "2021.03.10"]
[Round "1.5"]
[White "Dubov, Daniil"]
[Black "Grandelius, Nils"]
[Result "1-0"]
[WhiteElo "2770"]
[BlackElo "2632"]
[Annotator "TA"]
[PlyCount "79"]
[EventDate "2021.03.13"]
[EventType "tourn"]
[EventCountry "NET"]
[SourceTitle "playchess.com"]
[Source "ChessBase"]
[SourceQuality "1"]

{[%evp 13,79,2,6,-8,-4,-10,0,-1,4,-20,35,31,43,33,39,21,44,3,37,3,10,0,0,0,12,0,32,30,34,15,14,0,29,17,23,12,61,60,66,59,59,78,108,91,177,175,175,150,172,187,554,294,291,292,349,349,342,335,452,402,459,451,462,456,455,460,439,432]} 1. c4 g6 2. Nc3 c5 3. g3 Bg7 4. Bg2 Nc6 5. Nf3 e5 6. d3 Nge7 7. O-O O-O 8. Nd2 {A37: Symmetrical English vs ...g6: 4 Bg2 Bg7 5 Nf3.} d6 9. a3 {[%cal Ba2a3,Ba3b4][%mdl 32]} a6 {[#]} 10. Nd5 $146 {The position is equal.} ({Predecessor:} 10. Rb1 Rb8 11. b4 cxb4 12. axb4 b5 13. Ba3 Be6 14. Nd5 f5 15. e3 g5 16. f4 gxf4 17. gxf4 {0-1 (29) Sigurjonsson,S (1948)-Vanheirzeele,D (2116) Reykjavik 2014}) 10... Rb8 11. Ne4 h6 ({Better is} 11... f5 $11 12. Nec3 Nxd5 13. Nxd5 (13. Bxd5+ Kh8 $11) 13... b5) 12. b4 $14 cxb4 13. Nxe7+ Nxe7 14. axb4 d5 15. cxd5 Nxd5 16. Qb3 Nc7 17. Qb1 Nb5 18. Bb2 Be6 19. Rc1 Bd5 20. Rc5 {[#] Black must now prevent Rxd5!} Kh8 21. Qf1 Re8 22. Rac1 Bc6 23. Nd2 Bxg2 24. Qxg2 Nd4 25. Bxd4 exd4 26. Qf3 Re7 27. h4 Qe8 28. h5 g5 ({Don't blunder} 28... Rxe2 $2 29. Ne4 $18) (28... Qd7 $16 {was necessary.}) 29. Ne4 $18 Qd7 30. Kg2 Rf8 31. g4 Qa4 $2 (31... b6 {is a better chance.}) 32. Rc8 {Threatens to win with Nf6.} Qd7 33. Qf5 Qe6 {[#]} 34. Nf6 {[%csl Gf6][%cal Rf5h7][%mdl 512]} Qxf5 35. gxf5 Rxe2 36. Nd7 Rxc8 37. Rxc8+ {White is clearly winning.} Kh7 38. f6 Rb2 39. fxg7 Kxg7 40. Rc4 {Weighted Error Value: White=0.14/Black=0.29} 1-0

[Event "Magnus Carlsen Invitational 2021"]
[Site "Online"]
[Date "2021.03.10"]
[Round "1.6"]
[White "Nakamura, Hikaru"]
[Black "Anton Guijarro, David"]
[Result "1/2-1/2"]
[WhiteElo "2829"]
[BlackElo "2674"]
[Annotator "TA"]
[PlyCount "73"]
[EventDate "2021.03.13"]
[EventType "tourn"]
[EventCountry "NET"]
[SourceTitle "playchess.com"]
[Source "ChessBase"]
[SourceQuality "1"]

{[%evp 29,73,40,45,51,42,19,28,36,36,29,29,32,31,8,11,5,29,35,25,16,19,19,19,19,19,17,17,17,17,24,26,18,17,0,0,-8,0,0,0,0,0,0,0,0,0,0]} 1. e4 e5 2. Nf3 Nc6 3. Bb5 a6 4. Ba4 Nf6 5. O-O Nxe4 6. d4 b5 7. Bb3 d5 8. dxe5 Be6 9. c3 Be7 10. Nbd2 O-O 11. Bc2 f5 12. Nb3 Qd7 13. Nfd4 Nxd4 14. Nxd4 c5 15. Nxe6 Qxe6 16. f3 {C83: Open Ruy Lopez: 9 c3 Be7.} Ng5 17. Qe2 Rad8 18. Qf2 {White has an edge.} Qc6 19. Bxg5 Bxg5 20. f4 Be7 21. Rfd1 c4 {...Bc5 is the strong threat.} 22. Kh1 Bc5 23. Qf3 Qe6 24. Rd2 Rd7 25. Rad1 {[%cal Rd2d5]} Rfd8 26. h3 g6 27. g4 fxg4 28. hxg4 d4 29. cxd4 Rxd4 30. Rxd4 Rxd4 {[#] The position is equal.} 31. Qa8+ $146 ({Predecessor:} 31. Rxd4 Bxd4 32. b3 Kg7 {½-½ (30) Gao,R (2543)-Wei,Y (2727) Xinghua 2017}) 31... Kg7 32. Rxd4 Bxd4 33. Qb7+ Kh8 34. Qa8+ Kg7 35. Qb7+ Kh8 36. Qb8+ Kg7 $1 37. Qb7+ {Weighted Error Value: White=0.04/Black=0.02} 1/2-1/2

[Event "Magnus Carlsen Invitational 2021"]
[Site "Online"]
[Date "2021.03.10"]
[Round "1.7"]
[White "Van Foreest, Jorden"]
[Black "Carlsen, Magnus"]
[Result "0-1"]
[WhiteElo "2543"]
[BlackElo "2881"]
[Annotator "TA"]
[PlyCount "100"]
[EventDate "2021.03.13"]
[EventType "tourn"]
[EventCountry "NET"]
[SourceTitle "playchess.com"]
[Source "ChessBase"]
[SourceQuality "1"]

{[%evp 14,100,6,6,22,3,31,30,25,17,4,18,17,-2,6,0,-2,-15,-8,0,0,-22,0,-15,-12,-12,-12,-8,-12,-15,-7,-72,-70,-64,-70,-66,-67,-70,-66,-64,-64,-67,-67,-62,-48,-63,-38,-64,-31,-36,-31,-33,-34,-105,-99,-87,-68,-70,-100,-85,-64,-125,-119,-126,-119,-119,-120,-497,-497,-477,-494,-490,-490,-450,-431,-366,-319,-497,-496,-667,-319,-656,-640,-754,-747,-29968,-29969,-2126,-1815]} 1. e4 c5 2. Nf3 g6 3. Bc4 Bg7 4. c3 d6 5. d4 cxd4 6. cxd4 Nf6 7. Nc3 O-O 8. Bb3 Nc6 {B22: Sicilian: 2 c3.} 9. h3 b5 10. O-O b4 {White has an edge.} 11. Nd5 Nxd5 12. Bxd5 Bb7 {[#]} 13. Be3 $146 ({Predecessor:} 13. Re1 e6 14. Bb3 Na5 15. Bc2 Nc4 16. Bd3 d5 17. e5 Qb6 18. b3 Na3 19. Bg5 {½-½ (30) Glek,I (2430)-Citra,D (2227) Pardubice 2017}) 13... Rc8 14. Qa4 e6 15. Bb3 Na5 16. Nd2 d5 17. Rfc1 Nxb3 18. axb3 Rxc1+ 19. Rxc1 dxe4 20. Qxa7 Bd5 21. Rc7 Qa8 22. Nc4 (22. Qc5 $11) 22... Qxa7 $17 23. Rxa7 f5 24. Ne5 f4 25. Bd2 Bxe5 26. dxe5 $15 {[%mdl 4096] Endgame KRB-KRB} g5 27. Bxb4 Rc8 {[%cal Rc8c1] And now ...Rc1+ would win.} 28. Bc3 $1 Bxb3 29. Ra3 Bc4 30. Ba5 Bd5 {Hoping for ...Rc1+.} 31. Rc3 {[%cal Rc3c8]} Rb8 32. b4 Kf7 33. Rc7+ (33. h4 $15) 33... Kg6 $17 34. Rd7 e3 35. fxe3 fxe3 36. Rd8 Rb7 (36... Rb5 {seems wilder.} 37. g4 Bc4 38. Rd4 e2 39. Kf2 Rxe5 40. Ke1 Ba6) 37. Rf8 (37. g4 $1 $15) 37... Bc4 38. Rf6+ Kg7 {aiming for ...Rd7.} 39. Rf3 e2 40. Kf2 {[%mdl 8192] [#] Now White is beyond hope.} (40. b5 $17) 40... Bb5 $1 $19 41. Re3 Rf7+ 42. Rf3 Rd7 43. Re3 Rd2 44. Bb6 Rb2 45. Bd4 {[#]} (45. Bc5 {is a better defense.}) 45... Rb1 $1 46. Bc3 {intending Be1.} Rf1+ 47. Kg3 h5 48. h4 g4 49. Re4 Rc1 50. Bd2 Rd1 {Weighted Error Value: White=0.48/Black=0.04} 0-1

[Event "Magnus Carlsen Invitational 2021"]
[Site "Online"]
[Date "2021.03.10"]
[Round "1.8"]
[White "Vachier-Lagrave, Maxime"]
[Black "Firouzja, Alireza"]
[Result "1/2-1/2"]
[WhiteElo "2860"]
[BlackElo "2703"]
[Annotator "TA"]
[PlyCount "120"]
[EventDate "2021.03.13"]
[EventType "tourn"]
[EventCountry "NET"]
[SourceTitle "playchess.com"]
[Source "ChessBase"]
[SourceQuality "1"]

{[%evp 10,120,3,-24,8,0,0,0,0,3,0,-3,23,30,20,6,37,0,0,0,0,0,0,0,0,0,7,0,0,0,16,0,0,0,0,0,0,0,0,0,0,0,0,0,0,-39,0,0,0,0,0,0,0,-46,0,0,0,-52,-15,-33,-14,-27,-15,-12,-16,-22,-19,-38,-4,-4,0,0,13,13,13,13,13,13,14,54,75,14,14,14,14,14,20,20,21,21,21,21,50,0,195,0,0,0,0,0,0,0,0,0,0,0,0,0,0,0,0,0,0]} 1. Nf3 d5 2. g3 Nf6 3. Bg2 e6 4. O-O Be7 5. d3 O-O 6. Nbd2 a5 {A07: Réti Opening: New York and Capablanca Systems.} 7. a4 b6 8. b3 Bb7 9. Bb2 Nbd7 10. Re1 {[#]} Qc8 $146 ({Predecessor:} 10... Re8 11. e4 dxe4 12. dxe4 Nc5 13. e5 Nfe4 14. Nxe4 Qxd1 15. Raxd1 Bxe4 16. Nd4 Bxg2 17. Kxg2 {½-½ (47) Nakamura,H (2699)-Kononenko,D (2574) ICC INT 2009}) 11. e4 dxe4 12. dxe4 Nc5 {[%cal Rc5e4]} 13. e5 Nd5 14. Qe2 Nb4 15. Nc4 Be4 16. Nd4 Bxg2 17. Kxg2 Rd8 18. Nb5 Qb7+ 19. f3 h5 20. h4 Rd7 21. Rad1 Rad8 22. Bc1 Nd5 23. Bg5 Bxg5 24. hxg5 g6 25. Rd2 Kg7 26. Rh1 Qa8 27. Kg1 Rh8 28. Rh2 Qd8 29. f4 h4 30. gxh4 Nxf4 31. Qg4 (31. Qf3 $5 {[%cal Rf3f4]} Nd5 32. Rd4 $11) 31... Rxd2 32. Rxd2 Nd5 33. Nd4 (33. Nc3 $11) 33... Qa8 34. Ne2 Ne7 {White must now prevent ...Nf5.} 35. Ng3 Nf5 36. h5 Rd8 37. h6+ Kh7 38. Qf4 Rxd2 39. Nxd2 Qd5 40. Kf2 Qd4+ (40... c6 {is more complex.} 41. Nge4 Nd7 42. Nc4 Qd4+ 43. Ke2 Ng3+) 41. Qxd4 Nxd4 42. Nge4 Nxe4+ $1 ({Wrong is} 42... Nxc2 $2 43. Nxc5 bxc5 44. Nc4 $18) 43. Nxe4 Nxc2 $11 {[%mdl 4096] Endgame KN-KN} 44. Nd2 Nb4 {[#] aiming for ...Nd3+.} 45. Ke3 ({Better is} 45. Kf3 $1 $16) 45... Kh8 $1 46. Kd4 Nc6+ 47. Ke4 Kh7 48. Nf3 Nb8 $1 49. Ne1 Nd7 {...Nc5+ is the strong threat.} 50. Nd3 Kg8 51. Kd4 c6 $2 {[#]} (51... Nb8 $11 {and Black is okay.}) 52. Kc4 $2 ({White has to play} 52. Nb2 $1 $18) 52... Kh7 {The position is equal.} 53. b4 axb4 54. Kxb4 Kg8 55. Kc4 Kh8 56. Kd4 Kg8 57. Nc1 Kh7 58. Nd3 Kg8 59. Nc1 Kh7 60. Nd3 Kg8 {Weighted Error Value: White=0.13/Black=0.13} 1/2-1/2

[Event "Magnus Carlsen Invitational 2021"]
[Site "Online"]
[Date "2021.03.10"]
[Round "2.1"]
[White "Giri, Anish"]
[Black "Firouzja, Alireza"]
[Result "1/2-1/2"]
[WhiteElo "2731"]
[BlackElo "2703"]
[Annotator "TA"]
[PlyCount "132"]
[EventDate "2021.03.13"]
[EventType "tourn"]
[EventCountry "NET"]
[SourceTitle "playchess.com"]
[Source "ChessBase"]
[SourceQuality "1"]

{[%evp 16,132,39,36,39,29,23,22,25,17,42,22,23,27,25,34,54,41,45,44,102,74,120,124,116,126,88,83,77,72,213,212,210,137,139,100,189,200,180,157,162,160,152,167,160,165,171,191,187,193,193,175,205,209,236,266,274,263,253,227,252,230,267,273,278,271,256,225,222,231,273,259,250,220,218,214,168,131,133,147,182,0,0,0,0,-84,-99,-172,-169,-142,-150,-126,-116,-117,-8,-8,0,0,0,0,0,0,0,-8,-1,-8,-8,-8,-8,-8,-8,-8,-8,-8,-8,-8,0,0,0]} 1. e4 c5 2. Nf3 d6 3. d4 cxd4 4. Nxd4 Nf6 5. Nc3 Nc6 6. Bg5 e6 7. Qd2 a6 8. O-O-O Bd7 $1 {8...Bd7 is better than 8...h6.} 9. Kb1 (9. f3 Be7 10. Kb1 Nxd4 11. Qxd4 Qc7 12. g4 h5 13. gxh5 Nxh5 14. Rg1 Rc8 15. Qd2 b5 16. Bd3 Bxg5 17. Rxg5 b4 18. Ne2 {0-1 (55) Giri,A (2764)-Firouzja,A (2749) chess24.com INT 2020}) 9... Nxd4 {B67: Sicilian: Richter-Rauzer: 7...a6 8 0-0-0 Bd7, lines without 9 f4 Be7.} 10. Qxd4 h6 {[#]} 11. Bd2 $146 ({Predecessor:} 11. Bc1 Bc6 12. f3 Qc7 13. Be2 O-O-O 14. Qf2 d5 15. Be3 Rd7 16. Bb6 Qb8 17. exd5 Nxd5 18. Nxd5 Rxd5 19. Rxd5 exd5 {1-0 (32) Inarkiev,E (2702)-Gelfand,B (2729) Nazran 2017}) 11... b5 12. f3 Qb8 13. h4 b4 {White must now prevent ...e5.} 14. Ne2 a5 15. g4 e5 16. Qg1 $36 {[%mdl 2048] White is more active.} Be6 17. g5 Nh5 (17... hxg5 $14 18. hxg5 Rxh1 19. Qxh1 Nd7) 18. Bh3 Qc8 19. Bxe6 Qxe6 20. f4 Rc8 21. b3 g6 22. Qb6 Bg7 (22... Nxf4 $16 23. Nxf4 exf4) 23. gxh6 Bxh6 {[%cal Re5f4]} 24. fxe5 (24. Qxa5 $6 exf4 25. Nd4 (25. Qxb4 O-O $14) 25... Qe5 $16) 24... Bg7 25. Qb5+ ({Don't play} 25. Qxd6 $6 Qxe5 26. Qxe5+ Bxe5 $14) 25... Kf8 (25... Qd7 $16 {was necessary.} 26. Qxd7+ (26. Qxa5 Bxe5 27. Qxb4 O-O $16) 26... Kxd7) 26. Qxa5 $18 Bxe5 27. Bxb4 Kg7 28. Qd5 Qg4 29. Qd3 Nf6 30. Nc3 Rxh4 31. Rxh4 Qxh4 32. a4 $1 Qg4 {...Bxc3 is the strong threat.} 33. Re1 {[%cal Bd1e1,Be1e2,Be2f2][%mdl 32]} Qh4 34. Nb5 $1 Bg3 35. Re2 Qh1+ 36. Ka2 Be5 {[%csl Ge5][%cal Rh1a1]} 37. c3 Ne8 38. Rf2 Qh4 39. Qf3 Qe7 40. Rd2 Rc6 41. Nd4 Ra6 42. Rg2 {aiming for Nf5+.} Qb7 {Hoping for ...Bxd4.} 43. Qd3 Kg8 44. Re2 Nf6 45. Nf3 Bf4 46. e5 dxe5 47. Nxe5 Nd5 {[#] intending ...Re6.} 48. Ng4 $2 (48. Bc5 $1 $18) 48... Qxb4 $1 $11 49. Qxd5 Qxc3 50. Rf2 (50. Nf2 $11) 50... g5 51. Qf5 {[#]} (51. Qg2 $17 {keeps fighting.} Kg7 52. Rc2) 51... Rb6 $1 $19 52. Qc2 Qxc2+ 53. Rxc2 $17 {[%mdl 4096] Endgame KRB-KRN} f5 54. Nf2 g4 (54... Kf7 $17 55. Nd3 Bd6) 55. Rc4 $11 {The position is equal.} Be3 (55... Bd6 {feels hotter.} 56. Nxg4 fxg4 57. Rxg4+ Kf7 58. Rg5 Rb4) 56. Nxg4 fxg4 57. Rxg4+ {KRB-KR} Kf7 58. b4 Ke7 59. Re4+ (59. a5 {keeps more tension.} Re6 60. Kb3 Kd6 61. Rc4 Kd5 62. Rc7) 59... Re6 60. Rxe6+ Kxe6 {KB-KPP} 61. a5 Kd6 62. Kb3 Kc6 63. Kc4 Bf2 64. b5+ Kb7 65. b6 Bxb6 66. axb6 Kxb6 {Weighted Error Value: White=0.14/Black=0.15} 1/2-1/2

[Event "Magnus Carlsen Invitational 2021"]
[Site "Online"]
[Date "2021.03.10"]
[Round "2.2"]
[White "Carlsen, Magnus"]
[Black "Vachier-Lagrave, Maxime"]
[Result "1-0"]
[WhiteElo "2881"]
[BlackElo "2860"]
[Annotator "TA"]
[PlyCount "67"]
[EventDate "2021.03.13"]
[EventType "tourn"]
[EventCountry "NET"]
[SourceTitle "playchess.com"]
[Source "ChessBase"]
[SourceQuality "1"]

{[%evp 11,67,4,8,-1,17,-2,-10,-8,0,8,29,29,32,25,25,16,11,11,12,16,29,0,0,-15,-18,-27,-14,-31,-31,-33,-33,-45,0,0,0,0,0,0,0,0,2,0,11,11,14,7,14,10,64,75,154,184,358,292,353,287,340,330]} 1. c3 b6 2. e4 Bb7 3. d3 e6 4. Nd2 d5 5. Ngf3 Nf6 6. e5 Nfd7 7. d4 {C00: French: Unusual White 2nd moves.} c5 {[#]} 8. h4 $146 ({Predecessor:} 8. Bd3 Nc6 9. O-O Be7 10. Re1 h5 11. dxc5 bxc5 12. c4 d4 13. Ne4 Ncxe5 14. Nxe5 Nxe5 15. Nxc5 Bxc5 16. Rxe5 {1-0 (43) Kobalia,M (2614)-Papp,L (2361) chess.com INT 2020}) 8... Nc6 9. Bd3 {The position is equal.} cxd4 10. cxd4 Nb4 11. Be2 Qc8 12. O-O Ba6 13. Bxa6 Qxa6 14. Ne1 Rc8 ({Much weaker is} 14... Nxa2 $6 15. Ndf3 $16) 15. h5 Be7 16. a3 Nc6 17. Qg4 g5 18. Ndf3 h6 19. Be3 Qe2 20. b4 Nd8 21. Qh3 f5 22. exf6 $1 Nxf6 {[#] aiming for ...g4.} 23. Ne5 Qxh5 24. Qxh5+ Nxh5 25. N1d3 Bd6 26. Rfc1 Rxc1+ 27. Rxc1 Rh7 $1 28. Rc8 Rc7 29. Ra8 Nf6 ({Black should play} 29... Ke7 $11) 30. b5 $1 $14 Ke7 {[#]} ({Black should try} 30... Ne4) 31. Ng6+ $1 $16 Kd7 $2 (31... Ke8 {might work better.}) 32. Nde5+ $18 Bxe5 33. Nxe5+ Ke7 34. Bd2 {Weighted Error Value: White=0.04/Black=0.20} 1-0